Brothers at war / (Record no. 3664)

MARC details
000 -LEADER
fixed length control field 00609cam a2200205 4500
001 - CONTROL NUMBER
control field 4429
005 - DATE AND TIME OF LATEST TRANSACTION
control field 20181127173358.0
008 - FIXED-LENGTH DATA ELEMENTS--GENERAL INFORMATION
fixed length control field 101027s2010 enkb 000 1 eng
020 ## - INTERNATIONAL STANDARD BOOK NUMBER
International Standard Book Number 9780755347544 (hd.)
International Standard Book Number 9780755347551 (pbk.)
042 ## - AUTHENTICATION CODE
Authentication code lcode
100 1# - MAIN ENTRY--PERSONAL NAME
Personal name Rutherford, Alex,
Dates associated with a name 1948-
245 10 - TITLE STATEMENT
Title Brothers at war /
Statement of responsibility, etc. Alex Rutherford.
260 ## - PUBLICATION, DISTRIBUTION, ETC.
Place of publication, distribution, etc. London :
Name of publisher, distributor, etc. Headline Review,
Date of publication, distribution, etc. 2010.
300 ## - PHYSICAL DESCRIPTION
Extent 496 p. :
Other physical details 1 map ;
Dimensions 24 cm.
490 0# - SERIES STATEMENT
Series statement Empire of the Moghul
500 ## - GENERAL NOTE
General note Novel.
651 #0 - SUBJECT ADDED ENTRY--GEOGRAPHIC NAME
Geographic name Mogul Empire
General subdivision History
Chronological subdivision 16th century
Form subdivision Fiction.
Geographic name Mogul Empire
General subdivision Kings and rulers
Form subdivision Fiction.
Holdings
Withdrawn status Lost status Source of classification or shelving scheme Damaged status Not for loan Collection code Home library Current library Shelving location Date acquired Serial Enumeration / chronology Inventory number Full call number Barcode Date last seen Price effective from Koha item type
    Dewey Decimal Classification     Fiction RTC Library RTC Library Fiction 07/04/2022 7964 FIC 813.54 RUT 30007251 03/01/2022 27/11/2018 Fiction
Royal Thimphu College || All Right Reserved